La titulización crediticia: un estudio interdisciplinar

Salvato in:
Dettagli Bibliografici
Autore principale: Almoguera Gómez, Angel (Autore)
Natura: Libro
Lingua:spagnolo
Pubblicazione: Madrid Civitas 1995
Serie:Civitas Economía y Empresa
Soggetti:
Tags: Aggiungi Tag
Nessun Tag, puoi essere il primo ad aggiungerne!!

MARC

LEADER 00000nam a2200000 a 4500
001 UCS6186
003 CL-VaPUC
008 970912e19950000SP |||||||||||||||||spa|d
082 0 4 |a 346.07  |b ALM  |2 21 
100 0 |a Almoguera Gómez, Angel  |e author  |9 391696 
245 1 3 |a La titulización crediticia: un estudio interdisciplinar 
300 |a 616 p 
942 |c BK 
945 |d 19970912 00:00:00  |a jquezada 
260 |a Madrid  |b Civitas  |c 1995 
650 0 |a Derecho comercial   |9 256340 
650 0 |a Comercio  |9 255341 
650 0 |a Sociedades  |9 259052 
650 0 |a Sociedades anónimas  |9 255387 
650 0 |a Mercado de valores  |9 378123 
650 0 |a Bolsa de valores  |9 329250 
650 7 |a TITULOS DE CREDITOS  |2 CL-VaPUC  |9 382197 
583 |a last modification  |c 19970912 00:00:00  |k Rodrigo Vera 
490 0 |a Civitas Economía y Empresa 
999 |c 262138  |d 262136 
952 |0 0  |1 0  |4 0  |6 346_070000000000000_ALM_1995  |7 0  |8 A  |9 290346  |a BIBDER  |b BIBDER  |d 2019-11-19  |i 3350282  |o 346.07 ALM 1995  |p 3350282  |r 2023-01-25  |w 2019-11-19  |y BK  |k DER